[Event "Tournoi francophone 022G"]
[Site "Skype"]
[Date "????.??.??"]
[Round "1.1"]
[White "Cassano, Mariangela"]
[Black "Gagnon, Sindy"]
[Result "0-1"]
[WhiteElo "1222"]
[BlackElo "1308"]
[PlyCount "40"]

1. d4 Nf6 2. Bf4 d6 3. e3 e6 4. Nf3 Be7 5. Bd3 O-O 6. O-O c6 7. Nbd2 Qc7 8. c3
c5 9. e4 Qc6 10. Qc2 d5 11. exd5 exd5 12. Ne5 Qe6 13. dxc5 Bxc5 14. Ne4 dxe4
15. Bxe4 Ng4 16. Nxg4 Qxg4 17. h3 Qxf4 18. b4 Bd6 19. Bxh7+ Kh8 20. Be4 Qh2#
0-1

[Event "Tournoi francophone 022G"]
[Site "Skype"]
[Date "????.??.??"]
[Round "1.3"]
[White "Hampton, Irene"]
[Black "Schnell, Nicolas"]
[Result "0-1"]
[WhiteElo "1366"]
[BlackElo "1339"]
[PlyCount "62"]

1. d4 e6 2. c3 Nf6 3. Bf4 Ne4 4. Nh3 d5 5. f3 Qh4+ 6. Bg3 Nxg3 7. Nf2 Nxh1 8.
Kd2 Nxf2 9. Qe1 Qg5+ 10. Kc2 Qf5+ 11. e4 dxe4 12. Qxf2 e3+ 13. Bd3 Qf4 14. g3
Qf6 15. Qxe3 e5 16. Nd2 Bd7 17. Ne4 Qc6 18. b3 Bb4 19. Be2 Bf5 20. c4 Qb6 21.
Rd1 Nc6 22. Kb2 Rd8 23. g4 Bg6 24. a3 Be7 25. Qc3 Qa6 26. Nc5 Bxc5 27. dxc5 Rb8
28. Qd3 O-O 29. Qd7 Ne7 30. Qxc7 Rbe8 31. Rd4 exd4 0-1

[Event "Tournoi francophone 022G"]
[Site "Skype"]
[Date "????.??.??"]
[Round "1.4"]
[White "In, Pichcharonai"]
[Black "Roberge, Yves"]
[Result "1/2-1/2"]
[WhiteElo "1400"]
[BlackElo "1398"]
[PlyCount "88"]

1. e4 e6 2. d3 d5 3. Nc3 Nc6 4. Nf3 dxe4 5. dxe4 Qxd1+ 6. Nxd1 Nf6 7. e5 Nd5 8.
Bc4 g6 9. Bxd5 exd5 10. O-O Bg7 11. Ne3 Nxe5 12. Nxe5 Bxe5 13. Nxd5 Kd8 14. Re1
Re8 15. Nb4 Bd6 16. Bg5+ Be7 17. Rad1+ Bd7 18. Nd5 Bxg5 19. Rxe8+ Kxe8 20.
Nxc7+ Kf8 21. Nxa8 Bf5 22. g3 Bxc2 23. Rd5 f6 24. Nc7 Be4 25. Ne6+ Ke7 26. Rxg5
fxg5 27. Nxg5 Bd5 28. a4 h6 29. Nh3 b6 30. Nf4 Bb3 31. Nxg6+ Kf6 32. Nh4 Bxa4
33. f4 Bd1 34. h3 a5 35. Kf2 b5 36. g4 a4 37. g5+ hxg5 38. fxg5+ Kxg5 39. Ke1
Kxh4 40. Kxd1 Kxh3 41. Kc2 b4 42. Kb1 Kg3 43. Ka2 Kf3 44. b3 axb3+ 1/2-1/2

[Event "Tournoi francophone 022G"]
[Site "Skype"]
[Date "????.??.??"]
[Round "1.5"]
[White "Carlier, Andre"]
[Black "Osti, Giorgio"]
[Result "1-0"]
[WhiteElo "1400"]
[BlackElo "1375"]
[PlyCount "69"]

1. e4 e5 2. Nf3 Nc6 3. d4 d6 4. d5 Nd4 5. Nxd4 exd4 6. Qxd4 c5 7. Qc3 Nf6 8.
Bb5+ Bd7 9. Bxd7+ Qxd7 10. O-O Be7 11. Nd2 h6 12. Rb1 O-O 13. b3 Qg4 14. Qf3
Qxf3 15. Nxf3 Nxe4 16. Re1 Nc3 17. Rb2 Nxd5 18. c4 Nb4 19. Rxe7 Nd3 20. Rb1
Rfe8 21. Rxe8+ Rxe8 22. Be3 g5 23. g4 Ne5 24. Nxe5 Rxe5 25. Kf1 Kg7 26. Bd2 Kg6
27. Re1 Rd5 28. cxd5 h5 29. h3 a5 30. Bxa5 b5 31. Bc7 c4 32. bxc4 bxc4 33. Bxd6
c3 34. a4 Kf6 35. a5 1-0

[Event "Tournoi francophone 022G"]
[Site "Skype"]
[Date "????.??.??"]
[Round "2.1"]
[White "Gagnon, Sindy"]
[Black "Osti, Giorgio"]
[Result "0-1"]
[WhiteElo "1308"]
[BlackElo "1375"]
[PlyCount "80"]

1. e4 e5 2. Nf3 Nc6 3. Nc3 Nf6 4. d3 d6 5. Be2 Be7 6. O-O O-O 7. Be3 Be6 8. d4
exd4 9. Nxd4 Nxd4 10. Bxd4 c6 11. Bd3 Bg4 12. f3 Bh5 13. Rf2 d5 14. exd5 cxd5
15. Be2 Bd6 16. g3 a6 17. g4 Bg6 18. h4 h5 19. Nb1 b6 20. b3 Bc5 21. c3 Bxd4
22. cxd4 Bxb1 23. Qxb1 hxg4 24. fxg4 Ne4 25. Rh2 Ng3 26. Rh3 Nxe2+ 27. Kf2 Nxd4
28. Qd3 Qf6+ 29. Kg2 Rad8 30. Rah1 Qg6 31. Qg3 Ne2 32. Qf2 Rfe8 33. h5 Qxg4+
34. Qg3 Nxg3 35. R1h2 Re2+ 36. Kg1 Re1+ 37. Kf2 Rf1+ 38. Kg2 Re8 39. Rh4 Qf3+
40. Kh3 Nxh5# 0-1

[Event "Tournoi francophone 022G"]
[Site "Skype"]
[Date "????.??.??"]
[Round "2.2"]
[White "Roberge, Yves"]
[Black "Carlier, Andre"]
[Result "0-1"]
[WhiteElo "1398"]
[BlackElo "1400"]
[PlyCount "94"]

1. d4 d5 2. Bf4 Bf5 3. Nf3 Nf6 4. e3 e6 5. Ne5 c6 6. Bd3 Bd6 7. O-O O-O 8. f3
Nh5 9. Nd2 Nxf4 10. exf4 Bxd3 11. Nxd3 Qf6 12. c3 Bxf4 13. Nxf4 Qxf4 14. Re1
Nd7 15. g3 Qf5 16. Nf1 Nb6 17. Ne3 Qg6 18. Qb3 Rab8 19. Rac1 f5 20. f4 Nd7 21.
c4 Nf6 22. Qa3 a6 23. b4 Ne4 24. Kg2 h5 25. Rg1 h4 26. Kf1 hxg3 27. hxg3 Nxg3+
28. Ke1 Kf7 29. Rc3 Rh8 30. Nc2 Rh1 31. Rxh1 Nxh1 32. b5 Qg1+ 33. Kd2 Nf2 34.
Ne3 Ne4+ 35. Kc2 Nxc3 36. Qxc3 Rh8 37. Nd1 Rh2+ 38. Kb3 Qxd1+ 39. Ka3 Qf1 40.
Qg3 Rh3 41. Qxh3 Qxh3+ 42. Ka4 axb5+ 43. cxb5 cxb5+ 44. Kxb5 Qc3 45. a4 Qc4+
46. Kb6 Qxd4+ 47. Kxb7 Qxa4 0-1

[Event "Tournoi francophone 022G"]
[Site "Skype"]
[Date "????.??.??"]
[Round "2.3"]
[White "Schnell, Nicolas"]
[Black "In, Pichcharonai"]
[Result "0-1"]
[WhiteElo "1339"]
[BlackElo "1400"]
[PlyCount "74"]

1. e4 e6 2. Nf3 d5 3. e5 Bc5 4. d4 Bb6 5. Nc3 Nc6 6. Ng5 Qd7 7. Qf3 Nh6 8. Nb5
Nxd4 9. Nxd4 Bxd4 10. Qd1 Bxe5 11. Nf3 Bf6 12. Be2 Ng4 13. O-O e5 14. c4 e4 15.
Qb3 exf3 16. Bxf3 O-O 17. cxd5 Re8 18. Be3 Nxe3 19. Rfe1 Nf5 20. Be4 Nd4 21.
Qd3 b5 22. Bxh7+ Kh8 23. Be4 g6 24. Re3 Kg8 25. Rg3 Bb7 26. Qd1 Rxe4 27. Qh5
Ne2+ 28. Kf1 Nxg3+ 29. hxg3 gxh5 30. f3 Rd4 31. Re1 Re8 32. g4 Rd2 33. gxh5 Bh4
34. Re4 Bxd5 35. Rxh4 Qe7 36. Kg1 Qxh4 37. h6 Re1# 0-1

[Event "Tournoi francophone 022G"]
[Site "Skype"]
[Date "????.??.??"]
[Round "2.4"]
[White "Trapletti, Cosetta"]
[Black "Hampton, Irene"]
[Result "1-0"]
[WhiteElo "1339"]
[BlackElo "1366"]
[PlyCount "53"]

1. d4 d5 2. Bf4 Bf5 3. c3 e6 4. Nf3 c5 5. e3 Nf6 6. Nbd2 Be7 7. Bb5+ Nc6 8. Ne5
O-O 9. Nxc6 bxc6 10. Bxc6 Rc8 11. Bb5 Bg6 12. Nf3 Bd6 13. Bg3 Bxg3 14. hxg3 h6
15. Nh4 Bh5 16. Qc2 cxd4 17. Be2 Bxe2 18. Qxe2 dxc3 19. bxc3 Rxc3 20. Qb2 Rc7
21. f3 Re8 22. a3 Rd7 23. Rd1 a5 24. Qb1 Ra7 25. e4 Qe7 26. Qd3 Qb4+ 27. axb4
1-0

[Event "Tournoi francophone 022G"]
[Site "Skype"]
[Date "????.??.??"]
[Round "2.5"]
[White "Cassano, Mariangela"]
[Black "Vervoort, Jean-Louis"]
[Result "0-1"]
[WhiteElo "1222"]
[BlackElo "1459"]
[PlyCount "45"]

1. d4 d5 2. Nf3 Bf5 3. Bf4 e6 4. e3 Nf6 5. Bd3 Bg6 6. O-O Bd6 7. Bg3 Nc6 8. Nc3
Bxg3 9. hxg3 Qd6 10. Re1 O-O-O 11. Nh4 Qe7 12. Nxg6 hxg6 13. e4 Nxd4 14. e5 Nd7
15. Nb5 Nxb5 16. Bxb5 c6 17. Bd3 Rh7 18. Re4 dxe4 19. Bxe4 Rdh8 20. f4 Qc5+ 21.
Kf1 Rh1+ 22. Ke2 Rxd1 23. Rxd1 0-1

[Event "Tournoi francophone 022G"]
[Site "Skype"]
[Date "????.??.??"]
[Round "3.1"]
[White "Vervoort, Jean-Louis"]
[Black "Gagnon, Sindy"]
[Result "1-0"]
[WhiteElo "1459"]
[BlackElo "1308"]
[PlyCount "45"]

1. d4 d5 2. Bf4 Nc6 3. e3 Nf6 4. Bd3 g6 5. c3 Bg7 6. Nd2 O-O 7. Qc2 Re8 8. Ngf3
Ng4 9. h3 e5 10. dxe5 a6 11. hxg4 Bxg4 12. O-O-O b5 13. Rh4 Bf5 14. Bxf5 gxf5
15. Rdh1 Bxe5 16. Bxe5 Nxe5 17. Nxe5 Rxe5 18. Nf3 Re6 19. Qxf5 Kf8 20. Rxh7 Qf6
21. Qxf6 Rxf6 22. Rh8+ Ke7 23. Rxa8 1-0

[Event "Tournoi francophone 022G"]
[Site "Skype"]
[Date "????.??.??"]
[Round "3.2"]
[White "Hampton, Irene"]
[Black "Cassano, Mariangela"]
[Result "1-0"]
[WhiteElo "1366"]
[BlackElo "1222"]
[PlyCount "63"]

1. d4 d5 2. Bf4 e6 3. a3 Bd6 4. Bg3 Nf6 5. Nf3 O-O 6. e3 Nbd7 7. Nbd2 b6 8. c4
dxc4 9. Bxc4 Ne5 10. Nxe5 Bxe5 11. Bxe5 Bb7 12. f3 Nd7 13. O-O c5 14. Qe2 cxd4
15. exd4 Bc6 16. b3 Qc7 17. Bxc7 Rac8 18. Bg3 e5 19. d5 Bb7 20. Ne4 Nc5 21. Ng5
h6 22. Nh3 g5 23. Bxe5 f6 24. d6+ Rf7 25. Bxf7+ Kxf7 26. Bd4 Nxb3 27. Rad1 Nxd4
28. Rxd4 Bc6 29. Re1 Bb5 30. Qxb5 a6 31. Qd7+ Kg6 32. Qxc8 1-0

[Event "Tournoi francophone 022G"]
[Site "Skype"]
[Date "????.??.??"]
[Round "3.3"]
[White "In, Pichcharonai"]
[Black "Trapletti, Cosetta"]
[Result "0-1"]
[WhiteElo "1400"]
[BlackElo "1339"]
[PlyCount "66"]

1. e4 c6 2. d4 d5 3. Bd3 e6 4. Nf3 Bd6 5. e5 Be7 6. Nc3 c5 7. dxc5 Bxc5 8. Ng5
Qb6 9. Be3 d4 10. Na4 Qc6 11. Qh5 g6 12. Qg4 Bb4+ 13. Bd2 Bxd2+ 14. Kxd2 Qxa4
15. Qf3 Nh6 16. h4 O-O 17. h5 Nc6 18. Qf6 Qa5+ 19. Ke2 Nxe5 20. hxg6 Nxg6 21.
Rxh6 e5 22. Rxh7 Bg4+ 23. f3 Qd8 24. Qh8+ Nxh8 25. fxg4 Qxg5 26. Rah1 Ng6 27.
Kf3 Rae8 28. R1h5 Qf6+ 29. Bf5 e4+ 30. Kf2 e3+ 31. Ke2 Rd8 32. R5h6 Rfe8 33.
Bd3 Qf2+ 0-1

[Event "Tournoi francophone 022G"]
[Site "Skype"]
[Date "????.??.??"]
[Round "3.5"]
[White "Osti, Giorgio"]
[Black "Roberge, Yves"]
[Result "0-1"]
[WhiteElo "1375"]
[BlackElo "1398"]
[PlyCount "32"]

1. e4 Nf6 2. e5 Nd5 3. Bc4 Nb6 4. Bb3 d6 5. exd6 exd6 6. Qf3 Qe7+ 7. Ne2 Be6 8.
Bxe6 Qxe6 9. O-O c6 10. Nd4 Qg6 11. d3 d5 12. Re1+ Be7 13. Nf5 Kd7 14. Nxe7 Qd6
15. Bf4 Qb4 16. b3 Qxe1# 0-1

[Event "Tournoi francophone 022G"]
[Site "Skype"]
[Date "????.??.??"]
[Round "4.1"]
[White "Gagnon, Sindy"]
[Black "Roberge, Yves"]
[Result "0-1"]
[WhiteElo "1308"]
[BlackElo "1398"]
[PlyCount "32"]

1. e4 c5 2. d3 d6 3. Be2 Nf6 4. Nf3 b6 5. h3 Bb7 6. O-O e6 7. b3 Nbd7 8. Bb2 d5
9. exd5 exd5 10. Nbd2 d4 11. c4 Qc7 12. b4 cxb4 13. Nxd4 Bc5 14. Nc2 O-O 15. d4
Qc6 16. dxc5 Qxg2# 0-1

[Event "Tournoi francophone 022G"]
[Site "Skype"]
[Date "????.??.??"]
[Round "4.2"]
[White "Schnell, Nicolas"]
[Black "Osti, Giorgio"]
[Result "0-1"]
[WhiteElo "1339"]
[BlackElo "1375"]
[PlyCount "72"]

1. e4 e5 2. Nf3 Nc6 3. Bc4 Nf6 4. d3 Bc5 5. Ng5 O-O 6. Qf3 Nd4 7. Qg3 Nxc2+ 8.
Ke2 Nxa1 9. Nc3 c6 10. Qxe5 d6 11. Qf4 d5 12. exd5 cxd5 13. Nxd5 Nxd5 14. Qh4
h6 15. d4 Be7 16. Bd3 Bxg5 17. Bxg5 Qd6 18. Qh5 Nf6 19. Bxh6 Nxh5 20. g4 Nf4+
21. Kd2 Qxh6 22. Be4 Rd8 23. Rg1 Rxd4+ 24. Ke3 Nc2+ 25. Kf3 Bxg4+ 26. Rxg4 Ne1+
27. Ke3 Rad8 28. Bf5 Qh5 29. Rxf4 Rxf4 30. Kxf4 Rd4+ 31. Be4 Nd3+ 32. Kg3 Rxe4
33. f3 Qe5+ 34. f4 Qxf4+ 35. Kg2 Qf2+ 36. Kh3 Rh4# 0-1

[Event "Tournoi francophone 022G"]
[Site "Skype"]
[Date "????.??.??"]
[Round "4.3"]
[White "Trapletti, Cosetta"]
[Black "Carlier, Andre"]
[Result "0-1"]
[WhiteElo "1339"]
[BlackElo "1400"]
[PlyCount "70"]

1. d4 d5 2. Bf4 Nf6 3. e3 Bf5 4. c3 e6 5. Nf3 Bd6 6. Ne5 O-O 7. Be2 Nbd7 8. Nd2
c6 9. b4 Bc7 10. Ndf3 Ne4 11. O-O Nxc3 12. Qd2 Nxe2+ 13. Qxe2 f6 14. Nxd7 Qxd7
15. a3 Rfe8 16. Nh4 Bxf4 17. exf4 Qc7 18. Qf3 Qf7 19. Rfe1 h6 20. Re3 Be4 21.
Qg3 b5 22. Rae1 Re7 23. f3 Bh7 24. f5 Rae8 25. Qf4 exf5 26. Nxf5 Bxf5 27. Kf2
Rxe3 28. Rxe3 Rxe3 29. Kxe3 Qe7+ 30. Kf2 Bg6 31. Qg3 Bd3 32. Qb8+ Kh7 33. g4
Qe2+ 34. Kg3 Qe1+ 35. Kf4 g5# 0-1

[Event "Tournoi francophone 022G"]
[Site "Skype"]
[Date "????.??.??"]
[Round "4.4"]
[White "Cassano, Mariangela"]
[Black "In, Pichcharonai"]
[Result "0-1"]
[WhiteElo "1222"]
[BlackElo "1400"]
[PlyCount "36"]

1. d4 e6 2. Nf3 d5 3. e3 a6 4. Bd3 f5 5. Bd2 Bd6 6. c4 Ne7 7. Nc3 b5 8. b3 b4
9. Na4 Bb7 10. c5 Bxc5 11. dxc5 d4 12. exd4 Nbc6 13. Qc2 Nxd4 14. Nxd4 Qxd4 15.
Rc1 Bxg2 16. Rg1 Qe5+ 17. Kd1 Bf3+ 18. Be2 Qxe2# 0-1

[Event "Tournoi francophone 022G"]
[Site "Skype"]
[Date "????.??.??"]
[Round "4.5"]
[White "Vervoort, Jean-Louis"]
[Black "Hampton, Irene"]
[Result "0-1"]
[WhiteElo "1459"]
[BlackElo "1366"]
[PlyCount "66"]

1. d4 d5 2. Bf4 Nf6 3. e3 Bg4 4. Nf3 g6 5. c3 c6 6. Bd3 Nbd7 7. Nbd2 Bg7 8. Qc2
O-O 9. O-O-O a6 10. h3 Bxf3 11. Nxf3 Nh5 12. Rh2 b5 13. Rdh1 Ra7 14. g4 Nhf6
15. g5 Ne4 16. Bxe4 dxe4 17. Qxe4 e5 18. dxe5 c5 19. h4 c4 20. h5 Nc5 21. Qc2
a5 22. hxg6 fxg6 23. Rxh7 Nd3+ 24. Kb1 a4 25. Ne1 a3 26. Nxd3 Qxd3 27. Qxd3
cxd3 28. b3 Rc8 29. R7h6 Rc6 30. c4 bxc4 31. b4 Rb7 32. e6 Rxe6 33. Rc1 Rxb4#
0-1

[Event "Tournoi francophone 022G"]
[Site "Skype"]
[Date "????.??.??"]
[Round "5.1"]
[White "Hampton, Irene"]
[Black "Gagnon, Sindy"]
[Result "1/2-1/2"]
[WhiteElo "1366"]
[BlackElo "1308"]
[PlyCount "58"]

1. d4 d5 2. Bf4 Bf5 3. Nc3 e6 4. a3 Nc6 5. Nf3 Be7 6. e3 Nf6 7. Bd3 O-O 8. Qd2
Ng4 9. O-O-O e5 10. Bxf5 exf4 11. Bxg4 fxe3 12. fxe3 a6 13. h4 b5 14. Qd3 g6
15. e4 dxe4 16. Nxe4 Re8 17. Kb1 b4 18. a4 b3 19. c3 Qb8 20. Nfg5 h6 21. Nh3
Bxh4 22. Ng1 Bd8 23. Rxh6 Kg7 24. Qd2 Rxe4 25. Bf3 Re6 26. Ne2 Ne7 27. g4 f5
28. gxf5 Nxf5 29. Rh3 g5 1/2-1/2

[Event "Tournoi francophone 022G"]
[Site "Skype"]
[Date "????.??.??"]
[Round "5.2"]
[White "In, Pichcharonai"]
[Black "Vervoort, Jean-Louis"]
[Result "0-1"]
[WhiteElo "1400"]
[BlackElo "1459"]
[PlyCount "24"]

1. d4 d5 2. e3 Bf5 3. Be2 Nf6 4. Nf3 e6 5. Nh4 Bg6 6. O-O Nc6 7. f4 Qd6 8. f5
exf5 9. Nc3 O-O-O 10. Bd3 Ng4 11. Bxf5+ Kb8 12. Nb5 Qxh2# 0-1

[Event "Tournoi francophone 022G"]
[Site "Skype"]
[Date "????.??.??"]
[Round "5.3"]
[White "Carlier, Andre"]
[Black "Cassano, Mariangela"]
[Result "1-0"]
[WhiteElo "1400"]
[BlackElo "1222"]
[PlyCount "31"]

1. e4 e5 2. Nf3 Bc5 3. Nxe5 d6 4. Nf3 Nf6 5. Nc3 c6 6. d4 Bb6 7. Bg5 d5 8. e5
Ng4 9. Bxd8 O-O 10. Bxb6 axb6 11. Be2 b5 12. b4 Nd7 13. O-O b6 14. Qd3 Ba6 15.
Ng5 h6 16. Qh7# 1-0

[Event "Tournoi francophone 022G"]
[Site "Skype"]
[Date "????.??.??"]
[Round "5.4"]
[White "Osti, Giorgio"]
[Black "Trapletti, Cosetta"]
[Result "0-1"]
[WhiteElo "1375"]
[BlackElo "1339"]
[PlyCount "91"]

1. e4 c6 2. d4 d5 3. exd5 cxd5 4. Nf3 Nc6 5. c3 e6 6. Bd3 Bd6 7. Bg5 Nf6 8.
Nbd2 Bd7 9. Bb5 O-O 10. Be3 Re8 11. Ng5 Ng4 12. Qe2 e5 13. Qxg4 Bxg4 14. dxe5
Bxe5 15. Bd3 Kf8 16. Bxh7 Re7 17. h3 Bc8 18. c4 dxc4 19. Bc5 Qd5 20. Nde4 Bxb2
21. Rd1 Qe5 22. Bxe7+ Qxe7 23. O-O g6 24. Rd2 Bf6 25. Nxf6 Qxf6 26. h4 Bf5 27.
Rfd1 Re8 28. Rd6 Qe7 29. Kf1 f6 30. Re6 Bxe6 31. Nxe6+ Qxe6 32. Bxg6 Qe2+ 33.
Kg1 Qxd1+ 34. Kh2 Re5 35. h5 Kg7 36. g4 Rg5 37. f4 Rxg4 38. Bf5 Rh4+ 39. Kg3
Rxh5 40. Bg4 Qd3+ 41. Bf3 Rh8 42. Kf2 Qd2+ 43. Be2 Qxf4+ 44. Bf3 Qd2+ 45. Be2
Rh2+ 46. Kf3 0-1

[Event "Tournoi francophone 022G"]
[Site "Skype"]
[Date "????.??.??"]
[Round "5.5"]
[White "Roberge, Yves"]
[Black "Schnell, Nicolas"]
[Result "1-0"]
[WhiteElo "1398"]
[BlackElo "1339"]
[PlyCount "57"]

1. d4 Nf6 2. Bf4 d6 3. Nf3 Ne4 4. e3 g6 5. Bd3 e5 6. dxe5 d5 7. c4 Bb4+ 8. Nc3
Nxc3 9. Qd2 Nc6 10. bxc3 Ba3 11. cxd5 Qxd5 12. e4 Qa5 13. O-O Be7 14. Rfb1 b5
15. Rxb5 Qa4 16. Rbb1 Ba6 17. Qe2 Bc8 18. Bb5 Qa5 19. Bxc6+ Bd7 20. Bxd7+ Kxd7
21. Qd1+ Bd6 22. Qb3 Bc5 23. Qxf7+ Be7 24. e6+ Kd8 25. Rd1+ Kc8 26. Qxe7 Kb7
27. Bxc7 Qxc3 28. Rab1+ Kc8 29. Qd7# 1-0

[Event "Tournoi francophone 022G"]
[Site "Skype"]
[Date "????.??.??"]
[Round "6.1"]
[White "Gagnon, Sindy"]
[Black "Schnell, Nicolas"]
[Result "1-0"]
[WhiteElo "1308"]
[BlackElo "1339"]
[PlyCount "87"]

1. e4 e5 2. Nc3 Bc5 3. Nf3 h6 4. Nxe5 Qf6 5. Nf3 Nc6 6. Be2 Ne5 7. O-O Nxf3+ 8.
Bxf3 Bd6 9. d4 Qh4 10. g3 Qe7 11. e5 Bb4 12. Nd5 Qf8 13. Nxc7+ Ke7 14. Nxa8 d5
15. Bxd5 Bh3 16. Bg2 Be6 17. c3 Ba5 18. b4 Bd8 19. d5 Bf5 20. g4 Bg6 21. d6+
Ke8 22. Ba3 Be4 23. Bxe4 h5 24. d7+ Ke7 25. Bxb7 Rh6 26. b5+ Rd6 27. Bxd6+ Kxd7
28. Bxf8+ Ke8 29. Bxg7 h4 30. h3 Bg5 31. Re1 Ne7 32. e6 f5 33. gxf5 Nxf5 34.
Qh5+ Ke7 35. Nc7 Bf4 36. Nd5+ Kd6 37. e7 Nxg7 38. Qh8 Ne6 39. e8=Q Bg5 40.
Qxe6+ Kc5 41. Qhc8+ Kxb5 42. Qe2+ Ka5 43. Qc7+ Ka4 44. Qa6# 1-0

[Event "Tournoi francophone 022G"]
[Site "Skype"]
[Date "????.??.??"]
[Round "6.2"]
[White "Trapletti, Cosetta"]
[Black "Roberge, Yves"]
[Result "0-1"]
[WhiteElo "1339"]
[BlackElo "1398"]
[PlyCount "52"]

1. d4 d5 2. Bf4 Bf5 3. Nf3 e6 4. Nbd2 Nf6 5. e3 Bd6 6. Ne5 Nbd7 7. c4 c5 8. Nb3
cxd4 9. Nxd4 Bb4+ 10. Ke2 Ng4 11. h3 Ngxe5 12. Nb5 Qe7 13. Nc7+ Kf8 14. Nxa8
Qd6 15. Rc1 Nxc4 16. Qb3 e5 17. Bg3 Nd2 18. Rc8+ Ke7 19. Rxh8 Nxb3 20. Bh4+ f6
21. axb3 Nf8 22. Bg3 Bc2 23. f4 e4 24. Kf2 d4 25. f5 dxe3+ 26. Ke2 Qd2# 0-1

[Event "Tournoi francophone 022G"]
[Site "Skype"]
[Date "????.??.??"]
[Round "6.3"]
[White "Cassano, Mariangela"]
[Black "Osti, Giorgio"]
[Result "0-1"]
[WhiteElo "1222"]
[BlackElo "1375"]
[PlyCount "68"]

1. d4 d5 2. Nf3 Nf6 3. e3 c6 4. Bd3 e6 5. O-O Nbd7 6. Nbd2 Bd6 7. b3 e5 8. c4
e4 9. Be2 exf3 10. Bxf3 Bb8 11. Bb2 Qc7 12. g3 Nb6 13. e4 dxe4 14. Bxe4 Nxe4
15. Nxe4 O-O 16. d5 Rd8 17. Qd3 cxd5 18. cxd5 Rxd5 19. Qe3 Bf5 20. Ng5 f6 21.
Ne6 Qe7 22. Rfe1 Nd7 23. Nf4 Re5 24. Nh5 Rxe3 25. Rxe3 Be4 26. Rae1 Nc5 27. Bd4
Bd6 28. Rc3 Rc8 29. Ree3 Qe8 30. Bxc5 Bxc5 31. Rxc5 Rxc5 32. Nf4 Qe5 33. b4
Rc1+ 34. Re1 Rxe1# 0-1

[Event "Tournoi francophone 022G"]
[Site "Skype"]
[Date "????.??.??"]
[Round "6.4"]
[White "Vervoort, Jean-Louis"]
[Black "Carlier, Andre"]
[Result "1-0"]
[WhiteElo "1459"]
[BlackElo "1400"]
[PlyCount "121"]

1. d4 d5 2. Bf4 c5 3. Nf3 Nc6 4. e3 Nf6 5. c3 c4 6. b3 b5 7. b4 Ne4 8. Be2 Bg4
9. Ng5 Bf5 10. Nxe4 Bxe4 11. f3 Bf5 12. O-O e6 13. Nd2 Be7 14. e4 Bg6 15. exd5
exd5 16. Re1 O-O 17. Bf1 Re8 18. Bg3 a5 19. a3 Kf8 20. f4 Bf5 21. Nf3 axb4 22.
axb4 Rxa1 23. Qxa1 Qa8 24. Qd1 Be4 25. Ng5 Bxg5 26. fxg5 Ne7 27. Be2 Nf5 28.
Bf2 Qd8 29. h4 Qd6 30. Bf3 Ng3 31. Bxg3 Qxg3 32. Bxe4 Qxh4 33. Rf1 Rxe4 34. Qf3
Re7 35. Qxd5 Qe4 36. Rxf7+ Ke8 37. Qxe4 Rxe4 38. Rxg7 Re7 39. Rxe7+ Kxe7 40.
Kf2 Ke6 41. Kf3 Kf5 42. d5 Kxg5 43. d6 Kf6 44. d7 Ke7 45. Kf4 Kxd7 46. Kf5 Ke7
47. Kg5 Kf7 48. Kh6 Kg8 49. g4 Kh8 50. Kg5 Kg7 51. Kf4 Kf6 52. Ke4 Ke6 53. g5
Kd6 54. Kf4 Ke6 55. Ke4 Kd6 56. Kd4 Kc6 57. Ke5 Kc7 58. Ke6 Kc6 59. Kf7 Kd6 60.
Kg7 Ke6 61. Kxh7 1-0

[Event "Tournoi francophone 022G"]
[Site "Skype"]
[Date "????.??.??"]
[Round "6.5"]
[White "Hampton, Irene"]
[Black "In, Pichcharonai"]
[Result "0-1"]
[WhiteElo "1366"]
[BlackElo "1400"]
[PlyCount "106"]

1. d4 d5 2. Bf4 Nc6 3. Nc3 e6 4. a3 Nf6 5. e3 a6 6. Bd3 Nh5 7. Nge2 Be7 8. Ng3
Nxg3 9. Bxg3 b5 10. O-O b4 11. Ne2 bxa3 12. bxa3 Bxa3 13. Rxa3 f5 14. Nf4 Qe7
15. Rb3 g5 16. Qh5+ Kd7 17. Nh3 Rg8 18. f4 g4 19. Ng5 e5 20. Bxf5+ Kd8 21. Qxg4
exd4 22. Re1 dxe3 23. Rbxe3 Qf6 24. Nf7+ Qxf7 25. Bh4+ Ne7 26. Bxe7+ Ke8 27.
Bg5+ Be6 28. Bxe6 Rxg5 29. Qxg5 Qf8 30. Bf5+ Kf7 31. Be6+ Ke8 32. Bxd5+ Kd7 33.
Re7+ Kd6 34. Bxa8 Qxa8 35. Kf1 a5 36. Qe5+ Kc6 37. Re4 Qa6+ 38. c4 a4 39. Qd5+
Kb6 40. Qd6+ cxd6 41. R7e6 Kc6 42. g4 a3 43. Kf2 a2 44. Re1 Qxc4 45. Kf3 Qc3+
46. R6e3 a1=Q 47. Kf2 Qc2+ 48. R3e2 Qa7+ 49. Kf1 Qc4 50. h3 Qxf4+ 51. Kg2 Qad4
52. Rf1 Qd5+ 53. Kg1 Qg3+ 0-1

[Event "Tournoi francophone 022G"]
[Site "Skype"]
[Date "????.??.??"]
[Round "7.1"]
[White "In, Pichcharonai"]
[Black "Gagnon, Sindy"]
[Result "1-0"]
[WhiteElo "1400"]
[BlackElo "1308"]
[PlyCount "27"]

1. d4 Nc6 2. e3 Nf6 3. Bc4 d5 4. Bb3 e5 5. Qe2 Bd6 6. Nf3 O-O 7. Ng5 Qe7 8. Nc3
Be6 9. dxe5 Bxe5 10. Qd3 Rad8 11. f4 Bf5 12. Qxf5 Bd6 13. Nxd5 Nxd5 14. Qxh7#
1-0

[Event "Tournoi francophone 022G"]
[Site "Skype"]
[Date "????.??.??"]
[Round "7.3"]
[White "Osti, Giorgio"]
[Black "Vervoort, Jean-Louis"]
[Result "0-1"]
[WhiteElo "1375"]
[BlackElo "1459"]
[PlyCount "48"]

1. e4 d5 2. exd5 Nf6 3. Nc3 Nxd5 4. Nxd5 Qxd5 5. d4 e6 6. Nf3 Nc6 7. c3 Be7 8.
Be3 O-O 9. Bd3 b6 10. O-O Bb7 11. Bc2 Bf6 12. Re1 Ne7 13. Qd3 g6 14. Bf4 Qc6
15. c4 Rfe8 16. Bb3 Rad8 17. Rad1 Rd7 18. Be3 g5 19. Bc2 Ng6 20. Rd2 g4 21. d5
exd5 22. Nd4 Bxd4 23. cxd5 Qxd5 24. Bxd4 Qxg2# 0-1

[Event "Tournoi francophone 022G"]
[Site "Skype"]
[Date "????.??.??"]
[Round "7.4"]
[White "Roberge, Yves"]
[Black "Cassano, Mariangela"]
[Result "1-0"]
[WhiteElo "1398"]
[BlackElo "1222"]
[PlyCount "57"]

1. d4 d5 2. Bf4 Bf5 3. e3 e6 4. Nf3 Nf6 5. Nc3 c6 6. Ne5 Bd6 7. Bd3 Nbd7 8. h3
O-O 9. O-O Ne4 10. Nxe4 dxe4 11. Be2 b6 12. c3 c5 13. Qb3 Nf6 14. g4 Bg6 15. h4
h5 16. g5 Bf5 17. gxf6 Qxf6 18. Bg5 Qd8 19. Bxd8 Raxd8 20. Bxh5 g6 21. Be2 Be7
22. Nc6 Rd7 23. Ne5 Rd6 24. Rad1 Bxh4 25. d5 exd5 26. Rxd5 Rxd5 27. Qxd5 Be6
28. Qxe4 Bxa2 29. Qxh4 1-0

[Event "Tournoi francophone 022G"]
[Site "Skype"]
[Date "????.??.??"]
[Round "7.5"]
[White "Schnell, Nicolas"]
[Black "Trapletti, Cosetta"]
[Result "0-1"]
[WhiteElo "1339"]
[BlackElo "1339"]
[PlyCount "60"]

1. e4 c6 2. Nf3 d5 3. e5 c5 4. Bb5+ Nc6 5. Ng5 h6 6. Nf3 e6 7. d4 c4 8. c3 a6
9. Ba4 b6 10. Bc2 Nge7 11. Qd2 g6 12. Nh4 Rg8 13. Qf4 g5 14. Qf6 Bg7 15. Qf3
Ng6 16. Nxg6 fxg6 17. Bxg6+ Kd7 18. Qf7+ Ne7 19. Qf3 Rf8 20. Qg4 Nxg6 21. Qh4
Qe8 22. Nd2 Qf7 23. Nf3 gxh4 24. Rg1 Kc6 25. g3 h3 26. g4 Qxf3 27. Rf1 Qe4+ 28.
Be3 Nf4 29. f3 Qd3 30. Rg1 Qe2# 0-1